[Event "35. DSenEM 65+"]
[Site "Bad Wildungen"]
[Date "2023.07.18"]
[Round "2.46"]
[White "Fleischer, Matthias"]
[Black "Schneidereit, Manfred"]
[Result "1/2-1/2"]
[WhiteElo "1849"]
[BlackElo "1678"]
[PlyCount "93"]
[EventDate "2023.??.??"]
[WhiteTeam "SF Schwerin"]
[BlackTeam "Jueterbog"]

1. d4 c6 2. Nf3 Nf6 3. c4 g6 4. Nc3 Bg7 5. e4 d6 6. h3 O-O 7. Bd3 Na6 8. a3 Nc7 9. Qe2 Re8 10. O-O e5 11. dxe5 dxe5 12. Bg5 h6 13. Bxf6 Bxf6 14. Rfd1 Qe7 15. Rac1 Ne6 16. Bc2 Nf4 17. Qf1 g5 18. Nh2 Be6 19. Ng4 Bxg4 20. hxg4 Rad8 21. Ne2 Nxe2+ 22. Qxe2 Rxd1+ 23. Rxd1 Rd8 24. b4 Rd4 25. Bd3 Qe6 26. Qf3 Kg7 27. g3 b6 28. Kg2 Be7 29. Qe2 c5 30. b5 Qd7 31. Bc2 Qe6 32. Qf3 f6 33. Bb3 Qd6 34. a4 Rxd1 35. Bxd1 Qe6 36. Be2 Qd7 37. Qa3 Qd2 38. Bf3 Qd8 39. Qc1 Qd4 40. Qc2 Bd8 41. Be2 Bc7 42. Bd3 Bd8 43. Kf3 Bc7 44. Qd2 Bd8 45. Ke2 Bc7 46. Qc1 Qd7 47. f3 1/2-1/2

[Event "35. DSenEM 65+"]
[Site "Bad Wildungen"]
[Date "2023.07.18"]
[Round "2.47"]
[White "Huber, Helmut"]
[Black "Launert, Martin"]
[Result "0-1"]
[WhiteElo "1661"]
[BlackElo "1849"]
[PlyCount "132"]
[EventDate "2023.??.??"]
[WhiteTeam "Brackweder Schachklub von 1924"]
[BlackTeam "Sfr. Erbach"]

1. Nf3 d5 2. d4 Nf6 3. Bf4 c5 4. c3 cxd4 5. cxd4 e6 6. Nc3 Bb4 7. a3 Bxc3+ 8. bxc3 O-O 9. Qc2 Ne4 10. Nd2 Nxd2 11. Qxd2 b6 12. e3 Ba6 13. Bd3 Bxd3 14. Qxd3 Nd7 15. O-O Qe7 16. Rfd1 Rfc8 17. e4 dxe4 18. Qxe4 Nf6 19. Qf3 Nd5 20. Bd2 Rc4 21. Re1 Qd8 22. Re5 Rac8 23. Rae1 Qf6 24. Qxd5 Qe7 25. Qf3 Qxa3 26. d5 Rf8 27. dxe6 fxe6 28. Qe2 Rc5 29. Rxc5 Qxc5 30. Qxe6+ Kh8 31. Re2 h6 32. Qe7 Qf5 33. h3 a5 34. Be3 Rf7 35. Qd6 Rd7 36. Qf4 Qe6 37. Rd2 Rf7 38. Qd4 Rf6 39. Qd8+ Kh7 40. Rd7 Rg6 41. Kh1 Qe4 42. f3 Qxe3 43. Rd2 Qxc3 44. Re2 Qc1+ 45. Kh2 Qf4+ 46. Kh1 Rd6 47. Qe7 Rd1+ 48. Re1 Rxe1+ 49. Qxe1 Qf5 50. Qe3 b5 51. g4 Qd7 52. f4 Qd5+ 53. Kh2 a4 54. f5 Qa2+ 55. Kg1 Qb3 56. Qe4 Qc4 57. Qe8 Qc5+ 58. Kg2 Qb6 59. g5 hxg5 60. Qh5+ Qh6 61. Qe8 a3 62. Qxb5 Qd6 63. Qb3 Qd2+ 64. Kg3 a2 65. Qf7 Qe3+ 66. Kg2 a1=Q 0-1

[Event "35. DSenEM 65+"]
[Site "Bad Wildungen"]
[Date "2023.07.18"]
[Round "2.48"]
[White "Blosze, Winfried"]
[Black "Elkendorf, Werner"]
[Result "0-1"]
[WhiteElo "1845"]
[BlackElo "1578"]
[PlyCount "62"]
[EventDate "2023.??.??"]
[WhiteTeam "SV Koenigsspr. 1929 Grossauheim"]
[BlackTeam "Schachfreunde Drensteinfurt e. V"]

1. e4 c5 2. Nc3 e6 3. d3 a6 4. g3 g6 5. Bg2 Bg7 6. Bd2 Qc7 7. Nh3 Nc6 8. O-O Nge7 9. Rb1 O-O 10. Qc1 Rd8 11. f4 b5 12. Ne2 Bb7 13. Qe1 a5 14. g4 Nd4 15. c3 Nxe2+ 16. Qxe2 Qb6 17. Be3 d5 18. b4 d4 19. Bf2 axb4 20. cxb4 Rdc8 21. Bh4 Kf8 22. f5 f6 23. bxc5 Rxc5 24. fxe6 Qxe6 25. Qf3 Kg8 26. Nf4 Qxa2 27. Ne2 Rd8 28. Bf2 f5 29. gxf5 Nxf5 30. Qg4 Ne3 31. Bxe3 dxe3 0-1

[Event "35. DSenEM 65+"]
[Site "Bad Wildungen"]
[Date "2023.07.18"]
[Round "2.49"]
[White "Ross, Heinrich"]
[Black "Hartstock, Elmar"]
[Result "0-1"]
[WhiteElo "1602"]
[BlackElo "1831"]
[PlyCount "57"]
[EventDate "2023.??.??"]
[WhiteTeam "SG Springer Burghaun"]
[BlackTeam "SC Ansbach 1855 e.V."]

1. e4 c5 2. c4 Nc6 3. Nf3 e5 4. Nc3 Nf6 5. d3 h6 6. a3 d6 7. h3 a6 8. Nd5 Rb8 9. Rb1 b5 10. Bd2 Bb7 11. cxb5 axb5 12. b3 Nxd5 13. exd5 Nd4 14. Nxd4 exd4 15. Qf3 Be7 16. Be2 Bg5 17. Qe4+ Be7 18. O-O O-O 19. Bf3 Re8 20. Qg4 Bc8 21. Qg3 Bg5 22. Bxg5 hxg5 23. Rfe1 Rxe1+ 24. Rxe1 f5 25. Bh5 f4 26. Re8+ Qxe8 27. Bxe8 fxg3 28. fxg3 Bf5 29. b4 0-1

[Event "35. DSenEM 65+"]
[Site "Bad Wildungen"]
[Date "2023.07.18"]
[Round "2.50"]
[White "Bierwald, Martin"]
[Black "Zilch, Lothar"]
[Result "0-1"]
[WhiteElo "1540"]
[BlackElo "1825"]
[PlyCount "80"]
[EventDate "2023.??.??"]
[WhiteTeam "Koenigsspr. SC.1984 e.V."]
[BlackTeam "SV Alsfeld"]

1. e4 c5 2. Nc3 Nc6 3. g3 g6 4. Bg2 Bg7 5. d3 Nf6 6. Nge2 O-O 7. O-O a6 8. a3 e6 9. Bd2 d6 10. Qc1 Qc7 11. Bh6 b5 12. Bxg7 Kxg7 13. b4 Bb7 14. Qb2 Rac8 15. Rac1 Qe7 16. bxc5 dxc5 17. Na2 Kg8 18. f4 Rfe8 19. h3 Nd4 20. Nxd4 cxd4 21. Qb4 Qxb4 22. axb4 Nd7 23. Rf2 Rc7 24. Rd1 Nb6 25. Rdd2 f5 26. Kf1 fxe4 27. Bxe4 Bxe4 28. dxe4 Nc4 29. Rde2 Rec8 30. Ke1 Na3 31. Kd1 Nc4 32. Ke1 Nb2 33. Rd2 Rc4 34. Rfe2 Na4 35. Kd1 R8c6 36. h4 Kf7 37. e5 Ke7 38. Rf2 Nc3+ 39. Nxc3 dxc3 40. Rd3 Rxb4 0-1

[Event "35. DSenEM 65+"]
[Site "Bad Wildungen"]
[Date "2023.07.18"]
[Round "2.51"]
[White "Lekakh, Mikhail"]
[Black "Partsch, Manfred"]
[Result "0-1"]
[WhiteElo "1804"]
[BlackElo "1478"]
[PlyCount "125"]
[EventDate "2023.??.??"]
[WhiteTeam "Oberbilker Schachverein 1960"]
[BlackTeam "Potsdamer SV Mitte e.V."]

1. e4 b6 2. Be2 Bb7 3. Bf3 e6 4. e5 Bxf3 5. Nxf3 Nc6 6. O-O d6 7. exd6 Bxd6 8. d4 Nf6 9. Bg5 Be7 10. c3 O-O 11. Nbd2 Nd5 12. Be3 f5 13. Nc4 Nxe3 14. Nxe3 Rf6 15. Qe2 Rg6 16. b4 a6 17. Qc4 Qe8 18. Nxf5 b5 19. Qxc6 exf5 20. Qxe8+ Rxe8 21. Rfe1 Kf8 22. Ne5 Rd6 23. f4 g5 24. fxg5 Bxg5 25. Re2 Rde6 26. Rae1 R8e7 27. Ng6+ Rxg6 28. Rxe7 Bxe7 29. Re5 Rf6 30. h3 Bd6 31. Re3 c6 32. Kf2 Rg6 33. Re2 Kf7 34. Rc2 h5 35. a3 h4 36. c4 Bg3+ 37. Kf3 Rd6 38. cxb5 cxb5 39. Ke3 Re6+ 40. Kd3 Bf4 41. Rf2 Re3+ 42. Kc2 Re4 43. d5 Kf6 44. Kd3 Be5 45. Rc2 Rd4+ 46. Ke3 Rxd5 47. Ke2 Rd4 48. Rc6+ Rd6 49. Rc2 f4 50. Kf3 Rd3+ 51. Ke4 Re3+ 52. Kd5 Rd3+ 53. Ke4 Rc3 54. Ra2 Ke6 55. Re2 Rxa3 56. Re1 Rb3 57. Re2 Rxb4+ 58. Kf3 Kf5 59. Re1 Rb3+ 60. Kf2 a5 61. Rd1 a4 62. Rd8 a3 63. Rf8+ 0-1

[Event "35. DSenEM 65+"]
[Site "Bad Wildungen"]
[Date "2023.07.18"]
[Round "2.52"]
[White "Schumacher, Ursula"]
[Black "Andrijenko, Anatoliy"]
[Result "1/2-1/2"]
[WhiteElo "1531"]
[BlackElo "1803"]
[PlyCount "53"]
[EventDate "2023.??.??"]
[WhiteTeam "Bad Neuenahr"]
[BlackTeam "SF Koeln-Longerich 1956"]

1. c4 Nf6 2. Nc3 g6 3. d4 Bg7 4. e4 d6 5. Nf3 O-O 6. g3 Bg4 7. Bg2 Nc6 8. Be3 Rb8 9. O-O a6 10. a3 e5 11. d5 Ne7 12. Qd2 b5 13. cxb5 axb5 14. b4 Nd7 15. Rac1 f5 16. Bg5 Bf6 17. Bxf6 Nxf6 18. Ng5 fxe4 19. Ncxe4 Bd7 20. Nxf6+ Rxf6 21. Ne4 Rf8 22. Ng5 Nf5 23. f4 h6 24. Ne4 exf4 25. Rxf4 Kh7 26. Qc3 Rc8 27. g4 1/2-1/2

[Event "35. DSenEM 65+"]
[Site "Bad Wildungen"]
[Date "2023.07.18"]
[Round "2.53"]
[White "Josting, Friedel"]
[Black "Semisch, Helga"]
[Result "1-0"]
[WhiteElo "1795"]
[BlackElo "1408"]
[PlyCount "63"]
[EventDate "2023.??.??"]
[WhiteTeam "Schachgemeinschaft Buende 1945"]
[BlackTeam "SV Schmalkalden 04"]

1. Nf3 c6 2. d4 d5 3. e3 e6 4. Bd3 Bd6 5. O-O f5 6. c4 Nf6 7. Nc3 O-O 8. Ne2 Qc7 9. Bd2 Nbd7 10. Qc2 Ng4 11. g3 b6 12. Rac1 Bb7 13. cxd5 exd5 14. Bxf5 Ndf6 15. Ng5 h6 16. Be6+ Kh8 17. Nf7+ Rxf7 18. Bxf7 c5 19. Nf4 Bxf4 20. exf4 Ne4 21. f5 Nxd2 22. Qxd2 Nf6 23. Be6 Ne4 24. Qc2 Re8 25. dxc5 bxc5 26. f3 Ng5 27. Qxc5 Qb8 28. Qc7 Qa8 29. h4 Nxe6 30. fxe6 Rxe6 31. Qd7 Re8 32. Rc7 1-0

[Event "35. DSenEM 65+"]
[Site "Bad Wildungen"]
[Date "2023.07.18"]
[Round "2.54"]
[White "Ludwig, Richard"]
[Black "Meinke, Dietlind"]
[Result "0-1"]
[WhiteElo "1489"]
[BlackElo "1793"]
[PlyCount "80"]
[EventDate "2023.??.??"]
[WhiteTeam "SV Irxleben von 1919"]
[BlackTeam "MTV Leck von 1889"]

1. e4 d5 2. exd5 Qxd5 3. Nc3 Qa5 4. d4 e5 5. dxe5 Qxe5+ 6. Qe2 Qxe2+ 7. Bxe2 Bb4 8. Bd2 Nf6 9. Nf3 O-O 10. O-O Re8 11. Rfe1 Nc6 12. Rad1 Bf5 13. Bd3 Bg4 14. Rxe8+ Rxe8 15. Re1 Rxe1+ 16. Nxe1 Ne5 17. a3 Bc5 18. Kf1 a6 19. Bf4 Bd4 20. Bd2 b5 21. b4 c5 22. Ne4 Nfd7 23. Be2 Bxe2+ 24. Kxe2 c4 25. Bc3 Bb6 26. h3 f6 27. f4 Nc6 28. Nf2 Kf7 29. Nf3 Ke6 30. Ne4 Kd5 31. Ned2 h6 32. Nf1 g6 33. Nh4 Ne7 34. g3 g5 35. fxg5 hxg5 36. Nf3 Nf5 37. N1h2 Bc7 38. Nd2 Bxg3 39. Ndf1 Bf4 40. Ne3+ Bxe3 0-1

[Event "35. DSenEM 65+"]
[Site "Bad Wildungen"]
[Date "2023.07.18"]
[Round "2.55"]
[White "Nemoj, Ilja"]
[Black "Geibel, Henning"]
[Result "1-0"]
[WhiteElo "1792"]
[BlackElo "1384"]
[PlyCount "67"]
[EventDate "2023.??.??"]
[WhiteTeam "Schachverein Horst-Emscher 31"]
[BlackTeam "Ahrensburger TSV"]

1. d4 d5 2. Bf4 Nf6 3. e3 Bf5 4. Nd2 e6 5. Ngf3 h6 6. Ne5 g5 7. Bg3 Bd6 8. c3 Ne4 9. Qh5 Bxe5 10. Bxe5 Rh7 11. Nxe4 Bxe4 12. Qd1 f6 13. Bg3 Nd7 14. Qh5+ Ke7 15. Qd1 h5 16. f3 Bg6 17. Bd3 Bxd3 18. Qxd3 Rg7 19. O-O-O h4 20. Bf2 c5 21. Kb1 c4 22. Qc2 Qb6 23. e4 a5 24. exd5 exd5 25. Rhe1+ Kd8 26. Qf5 Qb5 27. Re6 a4 28. a3 Ra6 29. Rde1 Rxe6 30. Qxe6 Qc6 31. Qe8+ Kc7 32. Re6 Qb5 33. g3 Nb6 34. Qxb5 1-0

[Event "35. DSenEM 65+"]
[Site "Bad Wildungen"]
[Date "2023.07.18"]
[Round "2.56"]
[White "Kaland, Joachim"]
[Black "Prause, Dieter"]
[Result "1-0"]
[WhiteElo "1458"]
[BlackElo "1779"]
[Annotator "hugo5"]
[PlyCount "77"]
[EventDate "2023.??.??"]
[WhiteTeam "Koenigsspr. SC.1984 e.V."]
[BlackTeam "Schachklub Delbrueck"]

1. e4 c5 2. d3 Nc6 3. f4 d6 4. Nf3 Bg4 5. Be2 e6 6. O-O Nf6 7. c3 Be7 8. Na3 O-O 9. Qe1 a6 10. Nc2 Re8 11. Ne3 Bxf3 12. Bxf3 b5 13. Bd2 e5 14. Nf5 g6 15. Nh6+ Kg7 16. f5 Ng8 17. Qe3 Bg5 18. Qxg5 Qxg5 19. Bxg5 Nxh6 20. f6+ Kg8 21. Bxh6 Nd8 22. Bg4 Ra7 23. a4 bxa4 24. Rxa4 Nc6 25. Rfa1 a5 26. b4 cxb4 27. cxb4 Nd4 28. Rxa5 Rxa5 29. Rxa5 Rd8 30. b5 Rb8 31. b6 Nb3 32. Ra7 Nc5 33. Rc7 Nb7 34. Rc8+ Rxc8 35. Bxc8 Nc5 36. b7 Na6 37. Kf2 Nb8 38. Ke3 Nc6 39. Kd2 1-0

[Event "35. DSenEM 65+"]
[Site "Bad Wildungen"]
[Date "2023.07.19"]
[Round "3.1"]
[White "Babrikowski, Peter"]
[Black "Schmidt, Bodo"]
[Result "1/2-1/2"]
[WhiteElo "2127"]
[BlackElo "2262"]
[PlyCount "37"]
[EventDate "2023.??.??"]
[WhiteTeam "SV Schott Jena"]
[BlackTeam "SC 1919 Siegburg e. V."]

1. e4 e6 2. d4 d5 3. Nd2 Be7 4. Ngf3 Nf6 5. Bd3 c5 6. exd5 Qxd5 7. dxc5 Bxc5 8. Qe2 Nc6 9. Ne4 Be7 10. Bd2 O-O 11. O-O Rd8 12. Bc3 Nxe4 13. Bxe4 Qh5 14. Rad1 Bd7 15. Rd2 Be8 16. Rfd1 Rxd2 17. Rxd2 Rd8 18. Rxd8 Bxd8 19. Qd3 1/2-1/2

[Event "35. DSenEM 65+"]
[Site "Bad Wildungen"]
[Date "2023.07.19"]
[Round "3.2"]
[White "Schulz, Michael"]
[Black "Kyas, Juergen"]
[Result "1/2-1/2"]
[WhiteElo "2229"]
[BlackElo "2139"]
[PlyCount "25"]
[EventDate "2023.??.??"]
[WhiteTeam "SC Zitadelle Spandau 1977 e.V."]
[BlackTeam "SV Eiche Reichenbrand"]

1. d4 Nf6 2. Bg5 d5 3. Bxf6 exf6 4. e3 Bd6 5. c4 dxc4 6. Bxc4 O-O 7. Nc3 f5 8. Nf3 Nd7 9. O-O Nf6 10. Qc2 Qe7 11. Nb5 c6 12. Nxd6 Qxd6 13. Bd3 1/2-1/2

[Event "35. DSenEM 65+"]
[Site "Bad Wildungen"]
[Date "2023.07.19"]
[Round "3.3"]
[White "Heinig, Wolfram"]
[Black "Rosen, Willy"]
[Result "1/2-1/2"]
[WhiteElo "2217"]
[BlackElo "2100"]
[PlyCount "87"]
[EventDate "2023.??.??"]
[WhiteTeam "SK Zehlendorf e.V."]
[BlackTeam "Schachfreunde Essen-Katernberg"]

1. d4 Nf6 2. Bg5 c5 3. d5 Qb6 4. Nc3 Qxb2 5. Bd2 Qb6 6. e4 d6 7. f4 e6 8. Rb1 Qd8 9. Bb5+ Bd7 10. dxe6 fxe6 11. e5 dxe5 12. fxe5 Nd5 13. Qh5+ g6 14. Qg4 Nxc3 15. Qxe6+ Qe7 16. Qxe7+ Bxe7 17. Bxc3 Bxb5 18. Rxb5 b6 19. Nf3 Rf8 20. a4 Na6 21. O-O Nc7 22. Rb2 Rf4 23. Ra1 Rd8 24. Be1 g5 25. h3 h5 26. a5 b5 27. Bg3 Re4 28. a6 g4 29. hxg4 hxg4 30. Ne1 Rd2 31. Rbb1 Ree2 32. Rd1 Ne6 33. Kf1 Bg5 34. Rxd2 Rxd2 35. Bf2 Bf4 36. Ra5 g3 37. Bg1 b4 38. Rxc5 Nxc5 39. Bxc5 Bxe5 40. Bxa7 Rd1 41. Ke2 Ra1 42. Bc5 Rxa6 43. Bxb4 Rc6 44. Kd3 1/2-1/2

[Event "35. DSenEM 65+"]
[Site "Bad Wildungen"]
[Date "2023.07.19"]
[Round "3.4"]
[White "Brock, Friedemann"]
[Black "Schmid, Wolfgang"]
[Result "0-1"]
[WhiteElo "2175"]
[BlackElo "2100"]
[PlyCount "54"]
[EventDate "2023.??.??"]
[WhiteTeam "TSG 1861 Taucha"]
[BlackTeam "Stuttgarter SF 1879"]

1. d4 c5 2. d5 d6 3. e4 e5 4. Nc3 Be7 5. f4 Bf6 6. Bb5+ Bd7 7. Be2 a6 8. a4 Qe7 9. Nf3 Bg4 10. fxe5 Bxe5 11. Nxe5 Bxe2 12. Qxe2 Qxe5 13. O-O Nd7 14. Bf4 Qe7 15. Qg4 f6 16. Bxd6 Qxd6 17. Qxg7 O-O-O 18. Qxh8 Qe7 19. d6 Qf7 20. Nd5 Rf8 21. Ra3 Nh6 22. Rxf6 Nxf6 23. Qxf6 Qxf6 24. Nxf6 Rxf6 25. Rd3 Re6 26. Rd5 Kd7 27. e5 Ng4 0-1

[Event "35. DSenEM 65+"]
[Site "Bad Wildungen"]
[Date "2023.07.19"]
[Round "3.5"]
[White "Namyslo, Holger"]
[Black "Hassenrueck, Helmut"]
[Result "1-0"]
[WhiteElo "2085"]
[BlackElo "2162"]
[Annotator "hugo5"]
[PlyCount "81"]
[EventDate "2023.??.??"]
[WhiteTeam "TG Biberach 1847 e.V."]
[BlackTeam "Schachgesellschaft-Gladbeck 19/2"]

{[%evp 0,20,22,22,17,13,14,-9,-11,-11,-11,-38,-19,-19,-19,-19,-19,-27,-7,-66,-26,-9,-8]} 1. e4 e5 2. d4 exd4 3. Qxd4 Nc6 4. Qe3 Nf6 5. Bd2 Bb4 6. a3 Bxd2+ 7. Nxd2 O-O 8. O-O-O Re8 9. f4 Qe7 10. Bd3 d5 11. e5 Ng4 12. Qg3 Nh6 13. Ne2 Bf5 14. Bxf5 Nxf5 15. Qd3 Qe6 16. Nf3 d4 17. Nexd4 Nfxd4 18. Nxd4 Qa2 19. Nxc6 bxc6 20. Qb3 Qxb3 21. cxb3 Rab8 22. b4 Rb5 23. Rd7 c5 24. Rd5 f6 25. Re1 Kf7 26. e6+ Rxe6 27. Rxe6 Kxe6 28. Rxc5 Rb7 29. Kd2 Kd6 30. Kd3 c6 31. Rc2 g5 32. fxg5 fxg5 33. Rf2 Ke5 34. Kc4 h5 35. Kc5 Rg7 36. Kxc6 Ke4 37. a4 h4 38. b5 g4 39. a5 g3 40. hxg3 hxg3 41. Rf3 1-0

[Event "35. DSenEM 65+"]
[Site "Bad Wildungen"]
[Date "2023.07.19"]
[Round "3.6"]
[White "Szenetra, Werner"]
[Black "Heinemann, Ernst"]
[Result "1/2-1/2"]
[WhiteElo "2160"]
[BlackElo "2100"]
[PlyCount "60"]
[EventDate "2023.??.??"]
[WhiteTeam "SV Berenbostel"]
[BlackTeam "SK Union Oldenburg"]

1. Nf3 c5 2. e4 g6 3. d3 Bg7 4. g3 Nc6 5. Bg2 e5 6. O-O Nge7 7. c3 O-O 8. a3 a5 9. a4 d5 10. exd5 Nxd5 11. Na3 Bf5 12. Ng5 Nf6 13. Ne4 Nxe4 14. Bxe4 Bh3 15. Re1 Re8 16. Qb3 Qd7 17. Nc4 Rad8 18. Bg5 Rb8 19. Be3 Bf8 20. Nb6 Qd8 21. Bd5 Be6 22. Bxe6 Rxe6 23. Nd5 Ne7 24. Nxe7+ Bxe7 25. Rad1 Rb6 26. Qc2 Rc6 27. f4 exf4 28. Bxf4 Bd6 29. Qf2 Bxf4 30. Qxf4 Qc7 1/2-1/2

[Event "35. DSenEM 65+"]
[Site "Bad Wildungen"]
[Date "2023.07.19"]
[Round "3.7"]
[White "Zuehlke, Burkhard"]
[Black "Brueggemann, Joachim"]
[Result "0-1"]
[WhiteElo "1980"]
[BlackElo "2287"]
[PlyCount "80"]
[EventDate "2023.??.??"]
[WhiteTeam "SGem 1882 Fuerth"]
[BlackTeam "Erfurter Schachklub"]

1. d4 Nf6 2. c4 e6 3. g3 Bb4+ 4. Bd2 Qe7 5. Bg2 Nc6 6. Nf3 Bxd2+ 7. Nbxd2 d6 8. O-O e5 9. d5 Nb8 10. e4 O-O 11. b4 a5 12. a3 Bg4 13. Qc2 Na6 14. Rab1 axb4 15. axb4 c5 16. dxc6 bxc6 17. h3 Bxf3 18. Bxf3 Nxb4 19. Qc3 g6 20. Ra1 Rab8 21. Bg2 Ne8 22. f4 Nc7 23. f5 f6 24. Ra7 Nb5 25. Rxe7 Nxc3 26. fxg6 hxg6 27. Re6 Rbd8 28. Rexf6 Rxf6 29. Rxf6 Kg7 30. Rf3 Ne2+ 31. Kh2 Ra8 32. Rf2 Nd4 33. Bf1 Ra2 34. Kg2 Nbc2 35. Kg1 Ne1 36. Kh1 g5 37. h4 g4 38. Rh2 Ra1 39. Rf2 Rd1 40. Kg1 Rxd2 0-1

[Event "35. DSenEM 65+"]
[Site "Bad Wildungen"]
[Date "2023.07.19"]
[Round "3.8"]
[White "Chevelevitch, Evgueni"]
[Black "Schober, Ralf"]
[Result "0-1"]
[WhiteElo "2368"]
[BlackElo "2089"]
[PlyCount "80"]
[EventDate "2023.??.??"]
[WhiteTeam "Hamburger SK von 1830 eV"]
[BlackTeam "SV 1919 Grimma"]

1. e4 e6 2. d4 d5 3. Nd2 h6 4. Bd3 Nf6 5. e5 Nfd7 6. Ne2 c5 7. c3 Nc6 8. O-O Qb6 9. Nf3 g5 10. Bc2 Be7 11. a3 Qc7 12. b4 b6 13. b5 Na5 14. Ne1 Bb7 15. f4 f5 16. g4 O-O-O 17. gxf5 exf5 18. Ng3 gxf4 19. Nxf5 Rdg8+ 20. Ng2 Nf8 21. Bxf4 Ne6 22. Bg3 h5 23. Ngh4 cxd4 24. cxd4 Bxh4 25. Nxh4 Kb8 26. Rf6 Bc8 27. Bf5 Re8 28. Rc1 Nc4 29. Ng6 Rhg8 30. Bxe6 Bxe6 31. Qxh5 Kb7 32. Qf3 Qd7 33. Rxc4 Bg4 34. Qe3 Qxb5 35. Rc1 Be2 36. Rf7+ Ka6 37. Rcc7 Qb1+ 38. Kg2 Bd3 39. Rxa7+ Kb5 40. Nf4 Qf1# 0-1

[Event "35. DSenEM 65+"]
[Site "Bad Wildungen"]
[Date "2023.07.19"]
[Round "3.9"]
[White "Podat, Vladimir"]
[Black "Kannenberg, Karl-Heinz"]
[Result "0-1"]
[WhiteElo "2265"]
[BlackElo "2081"]
[PlyCount "80"]
[EventDate "2023.??.??"]
[WhiteTeam "SC Untergrombach 46"]
[BlackTeam "SC Kitzingen von 1905"]

1. d4 d5 2. c4 c6 3. cxd5 cxd5 4. Nc3 Nf6 5. Bf4 Nc6 6. e3 Bf5 7. Qb3 Na5 8. Qa4+ Bd7 9. Qc2 e6 10. Nf3 Rc8 11. Bd3 Bb4 12. O-O Nh5 13. Be5 f6 14. Bxh7 Bxc3 15. Qg6+ Ke7 16. bxc3 Be8 17. Qd3 fxe5 18. Nxe5 Nf6 19. Bg6 Rh6 20. Bxe8 Qxe8 21. Rab1 Kf8 22. c4 Nxc4 23. Rxb7 Nxe5 24. dxe5 Qh5 25. h3 Qxe5 26. Qa3+ Kg8 27. Rc1 Rxc1+ 28. Qxc1 Ne4 29. Rxa7 Rf6 30. f4 Rxf4 31. Rxg7+ Kxg7 32. exf4 Qd4+ 33. Kh2 Qc3 34. Qb1 Qg3+ 35. Kg1 Qe3+ 36. Kh2 Nd2 37. Qa1+ d4 38. a4 Qxf4+ 39. Kh1 Nb3 40. Qa3 Qc1+ 0-1

[Event "35. DSenEM 65+"]
[Site "Bad Wildungen"]
[Date "2023.07.19"]
[Round "3.10"]
[White "Juhnke, Juergen"]
[Black "Schmidt, Gerhard"]
[Result "1-0"]
[WhiteElo "2253"]
[BlackElo "2071"]
[PlyCount "67"]
[EventDate "2023.??.??"]
[WhiteTeam "HSK Lister Turm"]
[BlackTeam "Schachverein Kreuztal e. V."]

1. e4 c5 2. Nf3 d6 3. d4 cxd4 4. Nxd4 Nf6 5. Nc3 a6 6. Bc4 e6 7. Bb3 Nbd7 8. Bg5 Nc5 9. f4 Qa5 10. Bxf6 gxf6 11. O-O Bd7 12. f5 O-O-O 13. Qh5 Be8 14. Qh4 Nxb3 15. axb3 Qb6 16. Qxf6 Rg8 17. fxe6 Bg7 18. exf7 Bxf7 19. Qxf7 Bxd4+ 20. Kh1 Bxc3 21. bxc3 Kb8 22. Qd5 h6 23. Rad1 Rg5 24. Rf5 Rg6 25. Rdf1 Ka7 26. Rf6 Rg5 27. R1f5 Rgg8 28. Rxh6 Rge8 29. h3 Ka8 30. Re6 Rh8 31. Qd4 Qc6 32. Rd5 Rh4 33. Rdxd6 Rxd6 34. Rxd6 1-0

[Event "35. DSenEM 65+"]
[Site "Bad Wildungen"]
[Date "2023.07.19"]
[Round "3.11"]
[White "Zimmermann, Rolf"]
[Black "Pruefer, Friedbert"]
[Result "1/2-1/2"]
[WhiteElo "2067"]
[BlackElo "2235"]
[PlyCount "59"]
[EventDate "2023.??.??"]
[WhiteTeam "Duesseldorfer Schachklub 14/25 e"]
[BlackTeam "TSG 1861 Taucha"]

1. c4 Nf6 2. Nc3 d5 3. d4 g6 4. e3 Bg7 5. Nf3 O-O 6. Qb3 dxc4 7. Bxc4 c5 8. Ne5 e6 9. dxc5 Qc7 10. Nd3 Nbd7 11. Na4 Rb8 12. Qc2 Ne4 13. Bb3 Qa5+ 14. Bd2 Nxd2 15. Qxd2 Qxd2+ 16. Kxd2 b5 17. cxb6 axb6 18. Rhc1 Rd8 19. Ke1 Bb7 20. f3 Ne5 21. Nxe5 Bxe5 22. f4 Bf6 23. g3 Rd3 24. Ke2 Rbd8 25. Rd1 Ba6 26. Rxd3 Rxd3 27. Kf3 Bb7+ 28. Ke2 Ba6 29. Kf3 Bb7+ 30. Ke2 1/2-1/2

[Event "35. DSenEM 65+"]
[Site "Bad Wildungen"]
[Date "2023.07.19"]
[Round "3.12"]
[White "Neumann, Joachim"]
[Black "Clemens, Christian"]
[Result "1/2-1/2"]
[WhiteElo "2032"]
[BlackElo "2225"]
[PlyCount "143"]
[EventDate "2023.??.??"]
[WhiteTeam "SC Agon Neumuenster"]
[BlackTeam "SC Braunschweig Gliesmarode 1869"]

1. Nf3 f5 2. d3 d5 3. Bf4 c5 4. Nbd2 Nf6 5. e4 e6 6. exf5 exf5 7. g3 Be7 8. Bg2 Nc6 9. Ne5 Nxe5 10. Bxe5 O-O 11. O-O Ng4 12. Qe2 Re8 13. h3 Bd6 14. Bxd5+ Kh8 15. hxg4 Bxe5 16. Qf3 fxg4 17. Qh1 Bxb2 18. Be4 Rxe4 19. Nxe4 Bxa1 20. Rxa1 Be6 21. Rb1 Bd5 22. Qh5 b6 23. Ng5 h6 24. Nf7+ Bxf7 25. Qxf7 Qf8 26. Qb7 Re8 27. Qxa7 Re2 28. Rf1 b5 29. a4 bxa4 30. Qxa4 h5 31. Qc4 Qf5 32. c3 Rd2 33. d4 cxd4 34. cxd4 Rc2 35. Qb4 Kh7 36. Qb8 Rd2 37. Qe5 Qxe5 38. dxe5 Re2 39. Ra1 Rxe5 40. Ra6 g6 41. Kg2 Re2 42. Kf1 Rd2 43. Ke1 Rc2 44. Kf1 Kg7 45. Kg1 Re2 46. Kh2 Kf7 47. Kg1 Re6 48. Ra4 g5 49. Kg2 Kg6 50. Ra8 h4 51. gxh4 gxh4 52. Rh8 Kg5 53. Rg8+ Rg6 54. Ra8 Rf6 55. Ra5+ Rf5 56. Ra3 Re5 57. Rb3 Kf4 58. Rb4+ Re4 59. Rb8 h3+ 60. Kf1 Ra4 61. Rf8+ Ke4 62. Re8+ Kf3 63. Re3+ Kf4 64. Kg1 Ra1+ 65. Kh2 Ra2 66. Kg1 h2+ 67. Kh1 Rb2 68. Rg3 Re2 69. Rg2 Kf3 70. Rg3+ Kxf2 71. Rxg4 Kf3 72. Rg8 1/2-1/2

[Event "35. DSenEM 65+"]
[Site "Bad Wildungen"]
[Date "2023.07.19"]
[Round "3.13"]
[White "Ehlert, Horst"]
[Black "Buchal, Stephan"]
[Result "1/2-1/2"]
[WhiteElo "2001"]
[BlackElo "2211"]
[PlyCount "37"]
[EventDate "2023.??.??"]
[WhiteTeam "SV Laatzen"]
[BlackTeam "SAbt SV Werder Bremen"]

1. d4 d6 2. e4 Nf6 3. Nc3 g6 4. Bc4 Bg7 5. Nf3 O-O 6. O-O Bg4 7. h3 Bxf3 8. Qxf3 Nc6 9. Rd1 Nd7 10. Be3 Kh8 11. Bb5 a6 12. Bxc6 bxc6 13. Rab1 e6 14. e5 d5 15. Na4 c5 16. Nxc5 Nxc5 17. dxc5 Bxe5 18. c6 Qf6 19. Qg4 1/2-1/2

[Event "35. DSenEM 65+"]
[Site "Bad Wildungen"]
[Date "2023.07.19"]
[Round "3.14"]
[White "Ackermann, Hans Werner"]
[Black "Haubt, Georg"]
[Result "1-0"]
[WhiteElo "2191"]
[BlackElo "2074"]
[PlyCount "83"]
[EventDate "2023.??.??"]
[WhiteTeam "Hammer Sportclub 2008 e. V."]
[BlackTeam "SV Oberursel"]

1. Nf3 Nf6 2. c4 g6 3. Nc3 Bg7 4. d4 d5 5. e3 O-O 6. Be2 b6 7. O-O Bb7 8. Ne5 Nbd7 9. f4 dxc4 10. Nxc4 Ne4 11. Qc2 f5 12. Na5 Nd6 13. Nxb7 Nxb7 14. Bf3 Rb8 15. Nb5 Na5 16. Qxc7 Qxc7 17. Nxc7 Nf6 18. b3 Kf7 19. Bd2 Rfd8 20. Rac1 Ne4 21. Bxe4 fxe4 22. Bxa5 bxa5 23. Na6 Rb6 24. Nc5 h6 25. Rc4 Bf8 26. Rfc1 g5 27. f5 Rd5 28. g4 e5 29. dxe5 Bxc5 30. Rxc5 Rxc5 31. Rxc5 a4 32. Rc7+ Ke8 33. e6 axb3 34. axb3 a5 35. Ra7 Rc6 36. Rxa5 Rc1+ 37. Kf2 Rc2+ 38. Ke1 Rxh2 39. f6 Rh4 40. Kd2 Kd8 41. Ra8+ Kc7 42. e7 1-0

[Event "35. DSenEM 65+"]
[Site "Bad Wildungen"]
[Date "2023.07.19"]
[Round "3.15"]
[White "Falk, Thomas"]
[Black "Koehler, Gerhard"]
[Result "1-0"]
[WhiteElo "1996"]
[BlackElo "2185"]
[PlyCount "57"]
[EventDate "2023.??.??"]
[WhiteTeam "SV Oberursel"]
[BlackTeam "USV Halle"]

1. Nf3 Nf6 2. c4 g6 3. Nc3 Bg7 4. e4 d6 5. d4 O-O 6. Be2 Bg4 7. Be3 Nfd7 8. Ng1 Bxe2 9. Ngxe2 c5 10. O-O Nc6 11. b3 a6 12. Qd2 Rb8 13. dxc5 Nxc5 14. Rfd1 Ne6 15. f3 b5 16. cxb5 axb5 17. Bh6 Qa5 18. Bxg7 Kxg7 19. Nd5 Qa7+ 20. Kh1 Rfc8 21. Rac1 Ne5 22. f4 Ng4 23. Rxc8 Rxc8 24. Ng3 Nf6 25. Nxf6 exf6 26. f5 Qd4 27. Qe2 Nc5 28. fxg6 Nxe4 29. Nf5+ 1-0